000 01012nam a2200253 a 4500
001 001078
003 BD-ChCU
005 20230204155917.0
008 s2013 abg b 02 ben
020 _a৯৭৮৯৮৪৮৮৮২৫০৪
040 _aDLC
_cDLC
_dBD-ChCU
082 0 0 _a১৮২/খালে৯৫স
100 1 _aখালেদ, আহমেদ
_c
245 1 0 _aসক্রেটিসের আগে :
_cসক্রটিসপূর্ব দর্শন ও দার্শনিক
_cআহমেদ খালেদ
246 _aSocratiser agee :
_cSocratispurbo darshan o darshonik
_cAhmed Khaled
250 _aসং
260 _aঢাকা
_cসংহতি প্রকাশন
_c২০১৩
300 _a৯৬পৃ:
504 _aIncludes index.
650 0 _aসক্রেটিস - সমালোচনা ও পর্যালোচনা
_cদর্শন
650 _aSocratise - Somalochona o porjalochona.
700 1 _a
942 _2ddc
_cBK
999 _c1078
_d1078